| 000 | 01338pam a2200325 a 4500 | ||
|---|---|---|---|
| 001 | 4818236 | ||
| 003 | ARRUPE | ||
| 005 | 20170104093321.0 | ||
| 008 | 891012s1989 sz af 000 0 eng | ||
| 010 | _a 89028952 | ||
| 020 | _a0862329108 | ||
| 020 | _a0862329116 (pbk.) | ||
| 040 |
_aDLC _cDLC _dDLC |
||
| 043 | _af-sa--- | ||
| 050 | 0 | 0 |
_aHF1613.4 _b.W66 1989 |
| 082 | 0 | 0 |
_a337.68 _220 |
| 110 | 2 |
_aWorld Council of Churches. _bEminent Church Persons Group. _928163 |
|
| 245 | 1 | 0 |
_aSouth Africa : _bthe sanctions mission : report of the Eminent Church Persons Group / _cprepared by James Mutambirwa. |
| 260 |
_aGeneva : _bWorld Council of Churches ; _aLondon ; _aAtlantic Highlands, N.J. : _bZed Books, _c1989. |
||
| 300 |
_axii, 135 p., [4] p. of plates : _bill. ; _c20 cm. |
||
| 610 | 2 | 0 |
_aWorld Council of Churches. _bEminent Church Person Group _xPolitical activity. _928164 |
| 650 | 0 |
_aEconomic sanctions _zSouth Africa. _928165 |
|
| 650 | 0 |
_aAnti-apartheid movements. _928166 |
|
| 651 | 0 |
_aSouth Africa _xRace relations. _928167 |
|
| 651 | 0 |
_aSouth Africa _xForeign economic relations. _928168 |
|
| 700 | 1 |
_aMutambirwa, James A. Chamunorwa, _d1938- _928169 |
|
| 906 |
_a7 _bcbc _corignew _d1 _eocip _f19 _gy-gencatlg |
||
| 942 |
_2lcc _cMONOGRAPH |
||
| 999 |
_c125909 _d125909 |
||